00653nam a2200181 a 4500001001000000005001700010008004100027020001500068040001800083050002100101245013800122260003400260300004200294500003400336500004200370650002700412700003200439BRCA_181020190320203547.0750310s1980 nyua---###---#001-0#eng-# a0517256010 aDLCcDLCdDLC 4aNA200b.G76 198010aGreat Architecture of the Worldban Illustrated History from Stonehenge to the Twentieth Centurycgeneral editor John Julius Norwich. aNew YorkbBonanza Booksc1980 a288 p.bil. (algunas a color)c30 cm. aIncluye índice onomástico aColección Sonia Corcuera de Mancera14aArquitecturaxHistoria1 aNorwich, John Juliusd1929-